00751nam a2200253 a 4500001001300000003000900013005001700022008004100039020001000080082001600090100001900106245004700125260004700172300000900219500003500228505002400263650001600287650001700303700001900320902000800339942000700347952012800354999001500482nice12345678IN_TiNIC20260116012027.0050524s1975 jera grp 000 0 eng  ac10000a340.59bLAY aLayish, Aharon aWomen and Islamic Lawb a Non Muslim State aJerusalembIsrael Universities Pressc1975 a369p aincludes index and biblioraphy2 aBibliography, index aIslamic-Law aMuslim Women1 aLayish, Aharon bSRS cBK 001040708StackRoom-aHMIbHMId2007-05-03g100.00l1o340.59 LAYp09726r2022-07-08s2022-07-01v100.00w2005-05-24yBK c5334d5334